[Event "Lazy Baltic Pearl op-A 19th"]
[Site "Lazy"]
[Date "2023.06.28"]
[Round "3"]
[White "Lanica, Lukasz"]
[Black "Borkowski, Szymon"]
[Result "1-0"]
[WhiteElo "1751"]
[BlackElo "1629"]
[PlyCount "67"]
[EventDate "2023.06.26"]
[EventType "swiss"]
[EventRounds "9"]
[EventCountry "POL"]
[SourceTitle "CBM 215 Extra"]
[Source "ChessBase"]
[SourceDate "2023.09.30"]
[SourceVersion "1"]
[SourceVersionDate "2023.09.30"]
[SourceQuality "1"]

1. f4 d5 2. Nf3 c5 3. e3 g6 4. Be2 Bg7 5. 0-0 Nc6 6. Bb5 Bd7 7. Bxc6 Bxc6 8. Ne5 e6 9. d3 Ne7 10. Nd2 0-0 11. Ndf3 Qc7 12. b3 Rad8 13. Bb2 Nf5 14. Qe2 b5 15. Nxc6 Qxc6 16. Bxg7 Kxg7 17. Ne5 Qb6 18. g4 Nd6 19. a4 b4 20. Kg2 Qa6 21. h4 c4 22. Rae1 cxb3 23. cxb3 Nb7 24. Rc1 Rc8 25. Nd7 Rxc1 26. Rxc1 Rd8 27. Qb2+ d4 28. Qxd4+ Kg8 29. Nf6+ Kf8 30. Nxh7+ Kg8 31. Nf6+ Kf8 32. Nd7+ Ke8 33. Rc7 Qa5 34. Rxb7 1-0